000 01041nam a22003617a 4500
001 BR0002077
003 BR-BrBNA
005 20230928100638.0
007 ta
008 230509b bl.||||| |||| 00| 0 por d
040 _aBR-BrBNA
_bpor
_cBiblioteca Nacional de Agricultura
041 _a(Por)
072 _aF30; F01
090 _ F30 BR0002077
110 1 _aCooperativa Agricola de Cotia, Sao Paulo, SP (Brasil)
_92775
111 1 _a5. Congresso de Difusao de Tecnologia em Grandes Culturas
_cSao Paulo, SP (Brazil)
_d21-24 Aug 1989
245 1 _aAnais do Congresso de Difusao de Tecnologia em Grandes Culturas
260 3 _aSao Paulo, SP (Brasil):
_c1989.
300 _a336 p.
500 _a244 tables
650 _aSoja
650 _aMilho
650 _aTrigo
650 _aAlgodao
650 _aFeijao
650 _aCafe
650 _aMelhoramento Genetico Vegetal
650 _aAdubacao
650 _aComportamento de Variedade
650 _aRendimento
909 _a202309
_bLucia
_c55
_dLucia Elande
942 _cBK
999 _c62175
_d62175